World Cities A-Z: Country with biggest second largest City - Statistics

General Stats
  • This quiz has been taken 152 times
  • The average score is 18 of 42
Answer Stats
ANSWER % Correct
China
89%
Shanghai
86%
United States
70%
Brazil
68%
India
66%
Japan
65%
Osaka
63%
Russia
61%
Mexico
60%
Brasília
58%
Dallas
58%
Kolkata
58%
United Kingdom
58%
London
57%
Mexico City
56%
Detroit
53%
Istanbul
48%
Leeds
48%
Turkey
48%
Belo Horizonte
47%
Nigeria
47%
Vietnam
44%
Hanoi
43%
Ho Chi Minh City
43%
Abuja
42%
Indonesia
42%
Izmir
36%
Monterrey
36%
Novosibirsk
32%
Colombia
31%
Nizhny Novgorod
31%
Cali
25%
Taipei
23%
Taiwan
22%
Shantou
19%
Okayama
16%
Kanpur
15%
Cartagena
14%
Palembang
9%
Aba
8%
Taichung
5%
Pekanbaru
1%
No matching quizzes found
Score Distribution
Percent of People with Each Score
Percentile by Number Answered
Your Score History
You have not taken this quiz